000
00315nam a22001097a 4500
082
_a
332.095957021 SBP
245
_a
Statistical Bulletin April 2012
_c
State Bank of Pakistan
260
_a
Karachi
_b
State Bank Of Pakistan
_c
2012
300
_a
260p
942
_2
ddc
_c
BK
999
_c
586044
_d
586044